Ústav informácií a prognóz školstva

Bibliographic Details
Main Authors: Čelková, Ľudmila, 1944- (Author, Interviewer), Zverka, Peter (Author)
Format: Article
Language:Slovak
PhysicalDescription:Fotogr.
ISSN:1210-1982
Subjects:

MARC

LEADER 00000nab a2200000 ar4500
001 vtls008851456
003 SK-MaSNL
005 20260303194414.0
008 061003c2006 xo mr|p|||||||000 b|slo
015 |a SNBRB2006/10  |2 snkbucl 
038 |a SNKBUCL 
040 |a SNKBUCL  |b slo  |c SNKBUCL  |e AACR2 
041 0 |a slo 
044 |a xo  |c SK 
080 |a 655.413(437.6)  |2 1997 
080 |a 37.014:061.2(437.6)  |2 1997 
100 1 |a Čelková, Ľudmila,  |d 1944-  |4 ivr  |4 aut  |9 97615 
245 1 0 |a Ústav informácií a prognóz školstva  |c Lýdia Čelková, Peter Zverka 
300 |b Fotogr. 
610 2 7 |a Ústav informácií a prognóz školstva  |2 snkbucl  |9 232450 
650 0 7 |a vydavateľská činnosť  |2 snkbucl  |9 2790 
655 7 |a rozhovory  |2 snkbucl  |9 31831 
700 1 |a Zverka, Peter  |4 ive  |4 aut  |9 270784 
773 0 |t Knižná revue  |g Roč. XVI., č. 16-17 (2006), s. 8  |x 1210-1982 
852 |a SNK  |b KIS3GCP 
958 |a KL 
958 |a SK 
999 |c 2157339  |d 2159269